Николай Васильевич Пустовой (Запись № 1368115)

Подробности
000 -МАРКЕР
контрольное поле 02013nam0a2200361 4500
001 - ИДЕНТИФИКАТОР ЗАПИСИ
контрольное поле RU\NLR\bibl\1145894
005 - ИДЕНТИФИКАТОР ВЕРСИИ
контрольное поле 20260407140634.0
010 ## - МЕЖДУНАРОДНЫЙ СТАНДАРТНЫЙ НОМЕР КНИГИ (ISBN)
Номер (ISBN) 978-5-7782-0781-3
Тираж 100
021 ## - НОМЕР ГОСУДАРСТВЕННОЙ РЕГИСТРАЦИИ
Код страны Российская Федерация
Номер 2007-64677
Номер Листа государственной регистраци 3456
035 ## - ДРУГИЕ СИСТЕМНЫЕ НОМЕРА
Идентификатор записи (NLR Aleph) 001132718
100 ## - ДАННЫЕ ОБЩЕЙ ОБРАБОТКИ
Данные общей обработки 20071025d2007 |||y0rusy50 ca
101 0# - ЯЗЫК РЕСУРСА
Язык текста, звукозаписи и т.д. русский
102 ## - СТРАНА ПУБЛИКАЦИИ ИЛИ ПРОИЗВОДСТВА
Страна публикации Российская Федерация
105 ## - ПОЛЕ КОДИРОВАННЫХ ДАННЫХ: ТЕКСТОВЫЕ МАТЕРИАЛЫ, МОНОГРАФИЧЕСКИЕ
Кодированные данные о монографическом текстовом документе a |||||||||
200 1# - ЗАГЛАВИЕ И СВЕДЕНИЯ ОБ ОТВЕТСТВЕННОСТИ
Основное заглавие Николай Васильевич Пустовой
Сведения, относящиеся к заглавию юбилейный библиографический указатель публикаций
-- книги, диссертации, статьи и другие работы за 1972-2007 гг.
Первые сведения об ответственности Новосиб. гос. техн. ун-т, Науч. б-ка, Науч.-информ. центр
Последующие сведения об ответственности [сост.: Н. А. Пусеп, Е. Б. Контарева
-- отв. ред. Т. В. Баздырева]
210 ## - ПУБЛИКАЦИЯ, РАСПРОСТРАНЕНИЕ И ДР.
Место издания, распространения и т.д. Новосибирск
Имя издателя, распространителя и т. д. Новосибирский государственный технический университет
Дата издания, распространения и т.д. 2007
215 ## - ФИЗИЧЕСКАЯ ХАРАКТЕРИСТИКА
Специфическое обозначение материала и объем 22, [2] с., [1] л. цв. ил.
Размеры 29
320 ## - ПРИМЕЧАНИЯ О НАЛИЧИИ В ДОКУМЕНТЕ БИБЛИОГРАФИИ / УКАЗАТЕЛЯ
Текст примечания Библиогр. в конце кн.
320 ## - ПРИМЕЧАНИЯ О НАЛИЧИИ В ДОКУМЕНТЕ БИБЛИОГРАФИИ / УКАЗАТЕЛЯ
Текст примечания Имен. указ.: с. 21-22
600 #1 - ИМЯ ЛИЦА КАК ПРЕДМЕТ
Начальный элемент ввода Пустовой
Часть имени, кроме начального элемента ввода Н.В.
Даты 1947
Расширение инициалов личного имени Николай Васильевич
Формальный подзаголовок Биобиблиография
Системный номер авторитетной/нормативной записи 2494550
Идентификатор авторитетной/нормативной записи RU\NLR\auth\661479906
686 ## - ИНДЕКСЫ ДРУГИХ КЛАССИФИКАЦИЙ
Индекс Ч488.74(2Р)7-8Пустовой.я1
686 ## - ИНДЕКСЫ ДРУГИХ КЛАССИФИКАЦИЙ
Индекс О53д(2)Пустовой
702 #1 - ИМЯ ЛИЦА - ВТОРИЧНАЯ ОТВЕТСТВЕННОСТЬ
Код отношения Составитель
Материалы, к которым относится поле rus
Графика поля Кириллица
Начальный элемент ввода Пусеп
Часть имени, кроме начального элемента ввода Н. А.
Расширение инициалов личного имени Наталья Александровна
Идентификатор авторитетной/нормативной записи RU\NLR\auth\77119253
Системный номер авторитетной/нормативной записи 102178
702 #1 - ИМЯ ЛИЦА - ВТОРИЧНАЯ ОТВЕТСТВЕННОСТЬ
Начальный элемент ввода Баздырева
Часть имени, кроме начального элемента ввода Т. В.
Код отношения Редактор
712 02 - НАИМЕНОВАНИЕ ОРГАНИЗАЦИИ - ВТОРИЧНАЯ ОТВЕТСТВЕННОСТЬ
Код отношения Прочие
Начальный элемент ввода Новосибирский государственный технический университет
Структурное подразделение Научная библиотека
-- Научно-информационный центр
Идентификатор авторитетной/нормативной записи RU\NLR\AUTH\8810083453
Системный номер авторитетной/нормативной записи 668955
801 #0 - ИСТОЧНИК ЗАПИСИ
Страна Российская Федерация
Организация NLR
Дата составления 20071025
Правила каталогизации RCR
801 #1 - ИСТОЧНИК ЗАПИСИ
Страна Российская Федерация
Организация NLR
Дата составления 20071025
942 ## - ДОПОЛНИТЕЛЬНЫЕ ЭЛЕМЕНТЫ ЗАПИСИ (АБИС)
Тип экземпляра АБИС Книга
980 ## - КОЛЛЕКЦИЯ
Название коллекции Национальная библиография
Экземпляры
Тип экземпляра Дата поступления Источник поступления Библиотека постоянного хранения Библиотека текущего хранения Место хранения Шифр хранения Штрих-код Статус экземпляра
Книга 25.10.2007 Обязательный экземпляр РНБ (Московский) РНБ (Московский) Центральная справочная библиотека С 2007-5/76 2535295